Green HRM - people management commitment to combat carbon footprint in Indian companies: a case study based approach (Record no. 510068)

000 -LEADER
fixed length control field 00547nam a2200157 4500
008 - FIXED-LENGTH DATA ELEMENTS--GENERAL INFORMATION
fixed length control field 190723b ||||| |||| 00| 0 eng d
100 ## - MAIN ENTRY--PERSONAL NAME
Personal name Raghuwanshi, Shobhanjali
245 ## - TITLE STATEMENT
Title Green HRM - people management commitment to combat carbon footprint in Indian companies: a case study based approach
260 ## - PUBLICATION, DISTRIBUTION, ETC. (IMPRINT)
Date of publication, distribution, etc 2019
300 ## - PHYSICAL DESCRIPTION
Extent p.152-158.
650 ## - SUBJECT ADDED ENTRY--TOPICAL TERM
Topical term or geographic name as entry element GHRM
9 (RLIN) 7235
700 ## - ADDED ENTRY--PERSONAL NAME
Personal name Acharya, Sopnamayee
9 (RLIN) 7236
773 ## - HOST ITEM ENTRY
Main entry heading Prestige International Journal of Management and Research
906 ## - LOCAL DATA ELEMENT F, LDF (RLIN)
Subject DIP Human resource management
942 ## - ADDED ENTRY ELEMENTS (KOHA)
Source of classification or shelving scheme
Item type Articles
Holdings
Withdrawn status Lost status Source of classification or shelving scheme Damaged status Not for loan Permanent location Current location Date acquired Serial Enumeration / chronology Barcode Date last seen Koha item type
          Indian Institute of Public Administration Indian Institute of Public Administration 2019-07-23 11(2), Feb, 2019: p.152-158. AR120427 2019-07-23 Articles

Powered by Koha